Blackstone's EC legislation : 1999-2000
Αποθηκεύτηκε σε:
| Άλλοι συγγραφείς: | |
|---|---|
| Μορφή: | Βιβλίο |
| Γλώσσα: | English |
| Δημοσίευση: |
London :
Blackstone,
1999
|
| Έκδοση: | 10th ed. |
| Θέματα: | |
| Ετικέτες: |
Προσθήκη ετικέτας
Δεν υπάρχουν, Καταχωρήστε ετικέτα πρώτοι!
|
MARC
| LEADER | 00000cam a2200000 i 4500 | ||
|---|---|---|---|
| 001 | 1/58165 | ||
| 008 | 040625s1999 eng d | ||
| 020 | |a 1-85431-934-5 | ||
| 035 | |l 10073899 | ||
| 040 | |a GR-MY-UA |b gre |e aacr | ||
| 041 | 0 | |a eng | |
| 082 | 0 | |a 341.2422 | |
| 245 | 1 | 0 | |a Blackstone's EC legislation : |b 1999-2000 / |c edited by Nigel G. Foster |
| 250 | |a 10th ed. | ||
| 260 | |a London : |b Blackstone, |c 1999 | ||
| 300 | |a 481 p. | ||
| 650 | 0 | 0 | |a Law |z European Economic Community countries. |
| 700 | 1 | |a Foster, Nigel. |4 edt | |
| 852 | |a INST |b RHODES |e 20040625 |h 341.2422 BLA |p 005400019947 |q 005400019947 |t BK |y 0 | ||
| 901 | |a BIBL4-2004-2 | ||
| 909 | |a Ρ |b 104062 | ||
| 970 | |a ΚΟΥΛΑΚΙΟΤΗ |b ΛΙΤΣΑ |z 2004/06/25 | ||